<?xml version="1.0" encoding="UTF-8"?>
<record
    xmlns:xsi="http://www.w3.org/2001/XMLSchema-instance"
    xsi:schemaLocation="http://www.loc.gov/MARC21/slim http://www.loc.gov/standards/marcxml/schema/MARC21slim.xsd"
    xmlns="http://www.loc.gov/MARC21/slim">

  <leader>00905nam a2200229 a 4500</leader>
  <controlfield tag="001">65788</controlfield>
  <controlfield tag="003">BD-RjUL</controlfield>
  <controlfield tag="005">20211209081450.0</controlfield>
  <controlfield tag="008">170312s1993    bg a|||| |||| 000 0 ben d</controlfield>
  <datafield tag="020" ind1=" " ind2=" ">
    <subfield code="a">9840727885</subfield>
    <subfield code="c">: Tk. 30.00</subfield>
  </datafield>
  <datafield tag="035" ind1=" " ind2=" ">
    <subfield code="a">(BD-RjUL)65918</subfield>
  </datafield>
  <datafield tag="040" ind1=" " ind2=" ">
    <subfield code="a">BD-RjUL</subfield>
    <subfield code="b">ben</subfield>
    <subfield code="c">BD-RjUL</subfield>
    <subfield code="d">BD-RjUL</subfield>
  </datafield>
  <datafield tag="041" ind1=" " ind2=" ">
    <subfield code="a">ben</subfield>
  </datafield>
  <datafield tag="082" ind1=" " ind2=" ">
    <subfield code="2">23</subfield>
    <subfield code="a">891.44092</subfield>
    <subfield code="b">HOP 1993</subfield>
  </datafield>
  <datafield tag="100" ind1="1" ind2=" ">
    <subfield code="a">&#x9B9;&#x995;, &#x996;&#x9CB;&#x9A8;&#x9CD;&#x9A6;&#x995;&#x9BE;&#x9B0; &#x9B0;&#x9BF;&#x9AF;&#x9BC;&#x9BE;&#x99C;&#x9C1;&#x9B2;</subfield>
    <subfield code="9">194546</subfield>
  </datafield>
  <datafield tag="245" ind1="1" ind2="0">
    <subfield code="a">&#x9AA;&#x9BE;&#x99E;&#x9CD;&#x99C;&#x9C1; &#x9B6;&#x9BE;&#x9B9; &#x9E7;&#x9EE;&#x9EB;&#x9E7;-&#x9E7;&#x9EF;&#x9E7;&#x9EA; /</subfield>
    <subfield code="c">&#x996;&#x9CB;&#x9A8;&#x9CD;&#x9A6;&#x995;&#x9BE;&#x9B0; &#x9B0;&#x9BF;&#x9AF;&#x9BC;&#x9BE;&#x99C;&#x9C1;&#x9B2; &#x9B9;&#x995;</subfield>
  </datafield>
  <datafield tag="260" ind1=" " ind2=" ">
    <subfield code="a">&#x9A2;&#x9BE;&#x995;&#x9BE; :</subfield>
    <subfield code="b">&#x9AC;&#x9BE;&#x982;&#x9B2;&#x9BE; &#x98F;&#x995;&#x9BE;&#x9A1;&#x9C7;&#x9AE;&#x9C0;</subfield>
    <subfield code="c">&#x9E7;&#x9EF;&#x9EF;&#x9E9; [&#x9E7;&#x9E9;&#x9EF;&#x9EF;]</subfield>
  </datafield>
  <datafield tag="300" ind1=" " ind2=" ">
    <subfield code="a">&#x9E7;&#x9E6;&#x9EB; &#x9AA;&#x9C3;. ;</subfield>
    <subfield code="c">&#x9E8;&#x9E7; &#x9B8;&#x9C7;&#x9AE;&#x9BF;.</subfield>
  </datafield>
  <datafield tag="600" ind1=" " ind2=" ">
    <subfield code="a">&#x9B6;&#x9BE;&#x9B9;, &#x9AA;&#x9BE;&#x99E;&#x9CD;&#x99C;&#x9C1;  </subfield>
    <subfield code="d">&#x9E7;&#x9EE;&#x9EB;&#x9E7;-&#x9E7;&#x9EF;&#x9E7;&#x9EA;</subfield>
    <subfield code="x">&#x99C;&#x9C0;&#x9AC;&#x9A8;&#x9C0;</subfield>
    <subfield code="9">194719</subfield>
  </datafield>
  <datafield tag="600" ind1=" " ind2=" ">
    <subfield code="a">Shah, Panju</subfield>
    <subfield code="d">1851-1914</subfield>
    <subfield code="x">Biography</subfield>
    <subfield code="9">194720</subfield>
  </datafield>
  <datafield tag="942" ind1=" " ind2=" ">
    <subfield code="2">ddc</subfield>
    <subfield code="c">BK</subfield>
  </datafield>
  <datafield tag="999" ind1=" " ind2=" ">
    <subfield code="c">65788</subfield>
    <subfield code="d">65788</subfield>
  </datafield>
  <datafield tag="952" ind1=" " ind2=" ">
    <subfield code="0">0</subfield>
    <subfield code="1">0</subfield>
    <subfield code="2">ddc</subfield>
    <subfield code="4">0</subfield>
    <subfield code="7">1</subfield>
    <subfield code="8">NFIC</subfield>
    <subfield code="a">RUCL</subfield>
    <subfield code="b">RUCL</subfield>
    <subfield code="c">Reading</subfield>
    <subfield code="d">2012-07-23</subfield>
    <subfield code="e">Bangla Academy , Dhaka</subfield>
    <subfield code="g">30.00</subfield>
    <subfield code="l">0</subfield>
    <subfield code="o">B 891.44092 HOP 1993</subfield>
    <subfield code="r">2017-03-12 00:00:00</subfield>
    <subfield code="t">C-1</subfield>
    <subfield code="w">2017-03-12</subfield>
    <subfield code="y">BK</subfield>
  </datafield>
</record>
